Представление документа в формате RUSMARC

ПолеНазваниеЗначение
  Тип записи a
  Библиографический уровень m
001 Контрольный номер RU/IS/BASE/361550960
005 Дата корректировки 20201206204806.5
010 Индекс ISBN __
a ISBN 978-5-8354-0634-0
d Цена 429-99
100 Данные общей обработки __
a Данные общей обработки 19100319d2010 |||y0rusy0189 ca
101 Язык документа __
a Язык текста rus
102 Страна публикации __
a Страна публикации RU
105 Кодированные данные (монография) __
a Кодированные данные (монография) y |||||||zy
200 Заглавие и сведения об ответственности 0_
a Заглавие Жилищное право
f Первые сведения об ответственности П. В. Крашенинников
b Общее обозначение материала Текст
205 Сведения об издании __
a Основные сведения об издании Изд. 7-е, перераб. и доп.
210 Выходные данные __
a Место издания М.
c Издательство Статут
d Дата издания 2010
215 Физическое описание __
a Объем 411, [1] с.
d Формат 21
300 Общие примечания __
a Общие примечания На обл. и тит. л. в надзаг. также: Statut Publishers. Издательство Статут
320 Библиография __
a Библиография Библиогр. в подстроч. примеч.
330 Аннотация __
a Аннотация Предлагается анализ норм действующего, преимущественно гражданского и жилищного, законодательства, регулирующих жилищные отношения, описывается краткая история развития наиболее важных институтов жилищного права, рассматривается судебная практика Конституционного Суда Российской Федерации, арбитражных судов и судов обшей юрисдикции. Настоящее издание содержит развернутую характеристику положений Жилищного кодекса Российской Федерации и актов, принятых на его основе. Книга предназначена для студентов юридических вузов, адвокатов, юрисконсультов, судей, руководителей организаций и иных лиц, интересующихся вопросами жилищного права
606 Тематические рубрики __
a Основная рубрика Право
z Хронологическая подрубрика 21 в.
606 Тематические рубрики __
a Основная рубрика Обязательственное право
y Географическая подрубрика Российская Федерация
610 Ключевые слова __
a Ключевые слова жилищное право; жилищные отношения; жилые помещения; жилищный фонд; жилищные права; жилищное законодательство; аренда жилых помещений; приватизация жилищного фонда; право собственности; право собственности; многоквартирные дома; общее имущество; собственники жилья; товарищества собственников жилья; коммунальные услуги; приобретение жилья; отчуждение жилья; рентный договор; наследование жилых помещений
686 Индексы других классификаций __
a Классификационный индекс 67.404.212.47(2Рос)я73
700 Автор _1
a Фамилия Крашенинников
b Имя П. В.
f Даты 1964 -
g Полное личное имя Павел Владимирович
4 Код отношения 070
801 Источник записи _0
a Страна RU
b Организация Муниципальное бюджетное учреждение культуры "Централизованная библиотечная система" г. Сургут (Центральная городская библиотека им. А. С. Пушкина)
c Дата составления 20100319
g Правила каталогизации КИК/Елгина
801 Источник записи _1
a Страна RU
b Организация Муниципальное бюджетное учреждение культуры "Централизованная библиотечная система" г. Сургут (Центральная городская библиотека им. А. С. Пушкина)
c Дата составления 20100319
g Правила каталогизации КИК/Елгина
852 Данные о местонахождении __
j Шифр хранения 67.404.212.47(2Рос)я73
i Авторский знак К 78
901 Тип документа __
t Тип документа m
903 Характеристики (МАРС) __
a Дата передачи 20110616
990 Данные о заказе (DOS) __
j Количество экземпляров (DOS) 1
t N записи в КСУ для И/У (DOS) 201107